El poder en los Estados de la Reconquista / (Record no. 20526)

MARC details
000 -LEADER
campo de control de longitud fija 01211nam a2200289 i 4500
001 - NÚMERO DE CONTROL
campo de control 20526
003 - IDENTIFICADOR DE NÚMERO DE CONTROL
campo de control ES-MaACL
005 - FECHA Y HORA DE LA ÚLTIMA TRANSACCIÓN
campo de control 20231221152501.0
007 - CAMPO FIJO DE DESCRIPCIÓN FÍSICA--INFORMACIÓN GENERAL
campo de control de longitud fija t|
008 - DATOS DE LONGITUD FIJA--INFORMACIÓN GENERAL
campo de control de longitud fija 151019s2011 sp ||||1| spa d
020 ## - NÚMERO INTERNACIONAL ESTÁNDAR DEL LIBRO
Número Internacional Estándar del Libro 978-84-8154-301-8
080 ## - NÚMERO DE LA CLASIFICACIÓN DECIMAL UNIVERSAL
Número de la Clasificación Decimal Universal 342.36(460)"04/14"
080 ## - NÚMERO DE LA CLASIFICACIÓN DECIMAL UNIVERSAL
Número de la Clasificación Decimal Universal 342.53(460)"04/14"
100 1# - ENTRADA PRINCIPAL--NOMBRE DE PERSONA
Nombre de persona Alcalá Zamora, Niceto,
Fechas asociadas al nombre 1877-1949
9 (RLIN) 19473
245 13 - MENCIÓN DEL TÍTULO
Título El poder en los Estados de la Reconquista /
Mención de responsabilidad, etc. Niceto Alcalá-Zamora y Torres ; estudio, edición y notas de Félix Córdoba Rodríguez.
260 ## - PUBLICACIÓN, DISTRIBUCIÓN, ETC.
Lugar de publicación, distribución, etc. [Córdoba] :
Nombre del editor, distribuidor, etc. Diputación Provincial de Córdoba ;
Lugar de publicación, distribución, etc. [Priego de Córdoba] :
Nombre del editor, distribuidor, etc. Patronato Municipal Niceto-Alcalá Zamora y Torres,
Fecha de publicación, distribución, etc. 2011.
300 ## - DESCRIPCIÓN FÍSICA
Extensión 86 p. ;
Dimensiones 24 cm.
490 1# - MENCIÓN DE SERIE
Mención de serie Obra completa / Niceto Alcalá-Zamora y Torres
650 #4 - PUNTO DE ACCESO ADICIONAL DE MATERIA--TÉRMINO DE MATERIA
Término de materia o nombre geográfico como elemento de entrada Monarquía-
Subdivisión geográfica España-
Subdivisión cronológica S.V-XV.
9 (RLIN) 157921
650 #4 - PUNTO DE ACCESO ADICIONAL DE MATERIA--TÉRMINO DE MATERIA
Término de materia o nombre geográfico como elemento de entrada Parlamentos-
Subdivisión geográfica España-
Subdivisión cronológica S.V-XV.
9 (RLIN) 157922
700 1# - ENTRADA AGREGADA--NOMBRE PERSONAL
Nombre de persona Córdoba Rodríguez, Félix.
9 (RLIN) 157923
830 0# - PUNTO DE ACCESO ADICIONAL DE SERIE-TÍTULO UNIFORME
Título uniforme Obra completa / Niceto Alcalá-Zamora y Torres
9 (RLIN) 226380
852 ## - LOCALIZACIÓN
Ubicación ES-MaACL
Número de control de estantería A-13588
itemnumber 21236
Sublocalización o colección R.150796
Ubicación en estantería Depósito 1
Signatura antigua Olim: N-6588
Donativo/Legado Donación: Real Academia Española
914 ## - NOMBRE ENTIDAD DE DONANTE
RLIN 6336
Nombre de congreso/reunión o jurisdicción como elemento de entrada Real Academia Española
Unidad subordinada Donante
942 ## - ELEMENTOS DE ENTRADA SECUNDARIOS (KOHA)
Fuente del sistema de clasificación o colocación Clasificación decimal universal
Tipo de ítem Koha Libro impreso
Holdings
Estatus retirado Estado de pérdida Fuente del sistema de clasificación o colocación Estado de daño No para préstamo Biblioteca de origen Biblioteca actual Ubicación en estantería Fecha de adquisición Fuente de adquisición Total de préstamos Signatura topográfica completa Código de barras Visto por última vez Precio de reemplazo Tipo de ítem Koha
    Clasificación decimal universal     Biblioteca del Ateneo de Madrid Biblioteca del Ateneo de Madrid Depósito 1 19/10/2015 Donación   A-13588 1194267 23/02/2023 23/02/2023 Libro impreso